=LDR 00000nam 2200000 4500 =001 INLIS000000000052200 =005 20200313021933 =035 ##$$a 0010-0118000388 =007 ta =008 200313################g##########0#ind## =020 ##$$a 978-602-317-016-6 =082 ##$$a 297.015 25 =084 ##$$a 297.015 25 ATH j =100 #$$a Athif abul 'id =245 1#$$a Jatuh Cinta Dalam Satu Detik : $b Jurus Jitu Merebut Perhatian Orang Lain /$c Athif abul 'id =260 ##$$a Surakarta :$b Ziyad,$c 2014 =300 ##$$a 220 hlm. : $b ilus. ; $c 14 x 20, 5 cm =650 #4$$a Islam Dan Cinta =504 ##$$a Bibliografi : hlm. 219 - 220 =250 ##$$a cet. 1 =990 ##$$a 21705000 =990 ##$$a 21704999 =990 ##$$a 21704998 =990 ##$$a 21704997 =990 ##$$a 21704996 =990 ##$$a 21705000 =990 ##$$a 21704999 =990 ##$$a 21704998 =990 ##$$a 21704997 =990 ##$$a 21704996